| 000 | 00800nam a2200253 a 4500 | ||
|---|---|---|---|
| 001 | 14894 | ||
| 003 | BD-RjUL | ||
| 005 | 20211208235719.0 | ||
| 008 | 140208s1949 ctudb 001 0 eng | ||
| 035 | _a(BD-RjUL)14948 | ||
| 040 |
_aDLC _cWSU _dBD-RjUL _beng |
||
| 041 | _aeng | ||
| 082 | 0 | 4 |
_220 _a630.947 _bJAS 1949 |
| 100 | 1 |
_aJasny, Naum _d1883-1967. _916359 |
|
| 245 | 1 | 4 |
_aThe socialized agriculture of the USSR : _bplans and performance / _cNaum Jasny. |
| 260 |
_aStanford ; Calif : _bStanford University Press, _cc1949. |
||
| 300 |
_axv, 837 p. : _bill., maps, tables ; _c23 cm. |
||
| 490 |
_aGrain economics series ; _vno. 5 |
||
| 504 | _aIncludes index. | ||
| 650 | 0 |
_aAgriculture _zSoviet Union. _912530 |
|
| 830 | 0 |
_aGrain economics series ; _946376 |
|
| 942 |
_2ddc _cBK |
||
| 999 |
_c14894 _d14894 |
||